Geographie-Sachen die dich überraschen könnten - Statistiken

Allgemein
  • Dieses Quiz wurde 496 mal gespielt
  • Das Durchschnittsergebnis liegt bei 6 aus 15
Antwortstatistiken
Frage Antwort % Korrekt
Welches dieser Tiere tötete die meisten Menschen 2010-2020? Das Nilpferd
73%
In welchem dieser Länder ist der Sitz der UN? New York, USA
67%
Welches Land hat die meisten Inseln? Schweden
63%
In welchem Land wurde die höchste Temperatur aller Zeiten gemessen? Die USA
53%
Welches Land der Welt hat die meisten Zeitzonen? Frankreich
53%
In welchem Land spricht man die meisten verschiedenen Sprachen? Papua-Neuguinea
47%
Welches dieser Länder investiert am meisten in Aktien? (Total nicht pro Kopf) Norwegen
43%
Welche dieser Sprachen sprechen die meisten Menschen von Geburt an? Spanisch
37%
In welchem Land ist die Nationalflagge die einzige Nationalflagge, die gehisst werden darf? Dänemark
33%
In welchem dieser Länder leben die meisten Christen? China
27%
Welcher dieser Energiequellen ist die sicherste ?(Tote pro Tw) Kernkraft
27%
Welches Land belegt den letzten Platz auf dem Pressefreiheitsindex? Turkmenistan
27%
Welches dieser Länder/Territorien hat das höchste Einkommen pro Person? (BNE pro Person) Island
10%
Wie viele Menschen können weltweit Lesen? 90+%
0%
In welchem Land leben die meisten Tiger? Die USA
0%
Keine übereinstimmenden Quizze gefunden
Verteilung der Resultate
Anzahl Personen mit jedem Resultat
Perzentil nach korrekt beantworteten Fragen
Ihre Resultats-Entwicklung
Sie haben dieses Quiz noch nicht gespielt